000 00262 a2200121 4500
005 20251218135645.0
020 _a9789365891034
100 _aKanetkar Y.P.
_9215898
245 _aLet Us Python
250 _a7th
260 _bBPB Publications
_c2019
942 _cAR
999 _c369430
_d369430